Library and information center management
Gardado en:
| Autor Principal: | |
|---|---|
| Formato: | Libro |
| Idioma: | Undetermined |
| Publicado: |
Wesport, Connecticut
Library Unlimited
2002
|
| Những chủ đề: | |
| Các nhãn: |
Engadir etiqueta
Sen Etiquetas, Sexa o primeiro en etiquetar este rexistro!
|
| Thư viện lưu trữ: | Trung tâm Học liệu Trường Đại học Cần Thơ |
|---|
| LEADER | 00631nam a2200205Ia 4500 | ||
|---|---|---|---|
| 001 | CTU_102886 | ||
| 008 | 210402s9999 xx 000 0 und d | ||
| 082 | |a 025.1 | ||
| 082 | |b S933 | ||
| 100 | |a Stueart, Robert D. | ||
| 245 | 0 | |a Library and information center management | |
| 245 | 0 | |c Robert D. Stueart, Barbara B. Moran | |
| 260 | |a Wesport, Connecticut | ||
| 260 | |b Library Unlimited | ||
| 260 | |c 2002 | ||
| 650 | |a Information services,Library administration | ||
| 650 | |x Management | ||
| 650 | |z United states,United states,United states | ||
| 904 | |i Minh | ||
| 980 | |a Trung tâm Học liệu Trường Đại học Cần Thơ | ||